Soleil soleil - Pomme - Statistiques

Statistiques générales
  • Ce quiz a été pris 95 fois
  • Le résultat moyen est 115 sur 146
Statistiques - réponses
Hint Réponse % Correct
soleil
98%
le
96%
Le
96%
et
93%
Et
93%
On
93%
on
93%
nous
91%
Quand
91%
tous
91%
la
89%
Ne
89%
Oh
89%
grand
87%
mourir
87%
nos
87%
Qui
87%
qui
87%
reviens
87%
l'hiver
85%
va
85%
vient
85%
me
84%
pas
84%
toutes
84%
froid
82%
manque
82%
peines
82%
voudrait
82%
brûler
80%
pourquoi
80%
| . partir
78%
bras
76%
Ou
76%
Retrouver
76%
hante
75%
nuit
75%
Un
75%
avec
73%
du
73%
Que
73%
Sur
73%
vous
73%
Vous
73%
en
71%
fois
71%
mangera
71%
si
71%
Comme
69%
dans
69%
loup
69%
trois
69%
une
69%
c'était
67%
route
67%
compter
65%
demandez
65%
deux
65%
faire
65%
jusqu'à
65%
méchant
65%
première
65%
sud
65%
bas
60%
chaîne
60%
l'équilibre
60%
pourra
60%
jamais
58%
neige
58%
perdrez
58%
prochaine
56%
regardez
55%
tombait
55%
n'va
53%
Souvenez
51%
fracas
49%
les
49%
noire
49%
embrassera
45%
marchera
40%
braises
35%
Entre
25%
Aucun quiz correspondant
Distribution des résultats
% des personnes avec chaque résultat
Percentile par nombre de réponses
Votre historique - résultats
Vous n’avez pas pris ce quiz